Statistics for Alphabet Breadcrumb Trail #9

Click here to take the quiz!

General Stats

  • This quiz has been taken 97 times
  • The average score is 19 of 26

Answer Stats

Hint Answer % Correct
JUpper body garmentJacket
92%
LFruit ending in M's first 3Lemon
90%
ZFlavoring from a LZest
88%
NMost pleasantNicest
88%
PSty dwellersPigs
86%
VLife JVest
86%
QRhymes with V and ZQuest
84%
YWith J, a stinging IYellow
82%
ACurrent prince of MAlbert II
82%
MCountry close to N's first 4Monaco
81%
FPesky IFly
79%
UBody fluid that's often YUrine
78%
EScience's AEinstein
78%
IBuggy anagram of NInsect
77%
GFor some, a prayer before DGrace
75%
HPresident T's first nameHarry
74%
TJim Carrey characterTruman
70%
DType of JDinner
68%
RBeverage inside T?Rum
68%
OE's first four, from GermanOne
59%
WWord before P FWhen
55%
XO x 24, to a Roman?XXIV
52%
KWith G, A's motherKelly
49%
SW H met precedes herSally
47%
CWhere B was foundedCuba
45%
BCommon brand of RBacardi
41%

Score Distribution

Percentile by Number Answered

Percent of People with Each Score

Your Score History

You have not taken this quiz